000 00653nam a2200193Ia 4500
003 GCL
008 140319s9999 xx 000 0 ara d
020 _a0159291977
040 _aGCL /
_cGCL
082 0 4 _a808.3
_bش ب
100 1 _aشوقى عبدالحميد
245 1 0 _aالبواكير فى القصة القصيرة /
_cشوقى عبدالحميد
250 _aالاولى
260 _aالقاهرة :
_bمركز الحضارة العربية للاعلام والنشر ،
_c1999
300 _a172 ص ؛
_c20 سم
650 0 4 _aالقصة القصيرة
650 0 4 _aالقصة القصيرة - تاريخ ونقد
942 _2ddc
_cBK
999 _c5130
_d5130